000 00828nam a22002297a 4500
999 _c18853
_d18853
003 AR-CdUCM
008 190515b ||||| |||| 00| 0 spa d
040 _aMUNICIPALIDAD PROVINCIAL DEL CUSCO
_cBIBLIOTECA MUNICIPAL DEL CUSCO
041 _hfre
082 _a335.4 /
_bG212
100 _aGaraudy, R.
_939723
245 _aLecciones de filosofía marxista /
260 _aMéxico, D.F :
_bGrijalbo,
_c1966.
300 _a314 páginas ;
_c22 cm.
505 _aContenido: Metodología Marxista -- ¿Qué es filosofía? -- Lucha de clases y la verdad objetiva -- El espíritu del partido en filosofía...
650 _aMarxismo
_924
650 _aClases sociales
_92411
650 _aMaterialismo dialéctico
_96846
700 _aMaroto, Luis Ramón (traducción)
_939724
942 _2ddc
_cLIBROS
945 _adavv
_d2019-05-15